NBA 2018-19 Players By Letter - G - Statistics

General Stats
  • This quiz has been taken 50 times
  • The average score is 13 of 24
Answer Stats
Player Pos Tm % Correct
Danny Green SG TOR
89%
Draymond Green PF GSW
89%
Gerald Green SG HOU
89%
JaMychal Green PF MEM
89%
Jeff Green PF WAS
89%
Eric Gordon SG HOU
76%
Aaron Gordon PF ORL
74%
Blake Griffin PF DET
74%
Marc Gasol C MEM
74%
Pau Gasol C SAS
74%
Paul George SF OKC
72%
Rudy Gobert C UTA
70%
Jerami Grant PF OKC
61%
Jerian Grant PG ORL
61%
Rudy Gay SF SAS
43%
Danilo Gallinari SF LAC
41%
Marcin Gortat C LAC
30%
Taj Gibson PF MIN
30%
Shai Gilgeous-Alexander PG LAC
24%
Devonte' Graham PG CHO
20%
Langston Galloway SG DET
20%
Treveon Graham SG BRK
20%
Harry Giles PF SAC
17%
Brandon Goodwin PG DEN
9%
No matching quizzes found
Score Distribution
Percent of People with Each Score
Percentile by Number Answered
Your Score History
You have not taken this quiz